The Parish comes live (Record no. 19196)

MARC details
000 -LEADER
fixed length control field 00525nam a2200145Ia 4500
008 - FIXED-LENGTH DATA ELEMENTS--GENERAL INFORMATION
fixed length control field 081213s9999 xx 000 0 und d
050 ## - LIBRARY OF CONGRESS CALL NUMBER
Classification number BX5132
Item number .S68 1956
100 ## - MAIN ENTRY--PERSONAL NAME
Personal name Southcott, Ernest W.
245 ## - TITLE STATEMENT
Title The Parish comes live
Statement of responsibility, etc Ernest W. Southcott
260 ## - PUBLICATION, DISTRIBUTION, ETC. (IMPRINT)
Date of publication, distribution, etc 2000
Place of publication, distribution, etc New York
Name of publisher, distributor, etc Morehouse-Gorham Co.
300 ## - PHYSICAL DESCRIPTION
Extent xi,143 p.;
Dimensions 21cm
650 ## - SUBJECT ADDED ENTRY--TOPICAL TERM
Topical term or geographic name as entry element Christian Church
942 ## - ADDED ENTRY ELEMENTS (KOHA)
Item type Book
Source of classification or shelving scheme Library of Congress Classification
Holdings
Withdrawn status Lost status Source of classification or shelving scheme Damaged status Not for loan Collection code Home library Current library Shelving location Date acquired Full call number Barcode Price effective from Koha item type Public note
Withdrawn   Library of Congress Classification     Non-fiction Bishop Okullu Memorial Library (Limuru Campus) Bishop Okullu Memorial Library (Limuru Campus) General Circulation 15/12/2008 BX5132.S68 1956 012074 15/12/2008 Book Never Borrowed